000 00365nam a2200133Ia 4500
005 20260328104313.0
008 260328s9999||||xx |||||||||||||| ||und||
100 _aCurrie, Robin
245 0 _aWhat Life was Like at the dawn of democracy classical Athens 525-322 BC /
_cRobin Currie
260 _bTime Life
300 _a144 p.
650 _aATENAS
942 _cREF
999 _c11046
_d11046